007110000a22001810004500090001400000245006800014650002400082650001700106650003500123650001700158651005500175041001400230100003600244942001300280773004100293999001500334952018000349 aARb0034910aEstudio Preliminar de la Ictiofauna nativa del río Escalerete14aIctiología91143714aFauna99259414aUso sostenible de fauna99326114aPesca992853 4lRío EscaleretedValle del CaucapColombia9927490 aEspañol1 aUsma Oviedo, José Saulo95094 cARTICULO1 tCespedesia3124h68q41-55d1996g21 c9447d9447 001040718HEMEROTECAaBogotabBogotad2015-02-27eMuñoz Saba, YanethhFuera de circulaciónl0oAR 00349p010602r2015-03-25 00:00:00t1w2015-03-25xDonaciónyARTICULO